Informe del taller de la experiencia profesional para obtener el título de la Maestría en Administración de Empresas [de Héctor Gutiérrez Ramos] /

I tiakina i:
Ngā taipitopito rārangi puna kōrero
Kaituhi matua: Gutiérrez Ramos, Héctor (autor)
Hōputu: Tuhinga whakapae Pukapuka
Reo:Pāniora
Ngā marau:
Ngā Tūtohu: Tāpirihia he Tūtohu
Kāore He Tūtohu, Me noho koe te mea tuatahi ki te tūtohu i tēnei pūkete!

MARC

LEADER 00000nam^a2200000^a^4500
001 000182748
005 20250521000000.0
009 20260310102017.445
037 |a Acervo ITESO - Biblioteca 
041 |a ESP 
090 |a MAD. 103 
100 |a Gutiérrez Ramos, Héctor  |e (autor) 
245 1 0 |a Informe del taller de la experiencia profesional para obtener el título de la Maestría en Administración de Empresas [de Héctor Gutiérrez Ramos] /  |c H. Gutiérrez Ramos. 
264 |a Guadalajara, México :  |b edición de autor,  |c 2005 
300 |a 1 disco compacto de computadora 
336 |a datos para computadora  |b cod  |2 rdacontenido 
337 |a computadora  |b c  |2 rdamedio 
338 |a disco de computadora  |b cd  |2 rdasoporte 
502 |a ITESO Reporte de Posgrado para Maestría en Administración 
649 |a XX 
650 |a Administradores -  |x Prácticas Profesionales 
650 |a Talleres Mecánicos -  |z Guadalajara, Jalisco -  |x Administración 
650 |a Talleres Mecánicos -  |z Jalisco -  |x Administración 
650 |a Talleres Mecánicos -  |z México -  |x Administración 
650 |a Microempresa -  |z Guadalajara, Jalisco -  |x Administración 
650 |a Microempresa -  |z Jalisco -  |x Administración 
650 |a Microempresa -  |z México -  |x Administración 
650 |a Motocicletas -  |x Mantenimiento y Reparación 
650 |a Organización Administrativa 
650 |a Proceso Administrativo 
650 |a Administración 
650 |a Contabilidad 
650 |a Ciencias Administrativas -  |x Prácticas Profesionales 
910 |a Fondo General 
920 |a Electrónicos - Tesis del ITESO en Disco 
905 |a 202 
901 |a 0500122634  |b IT2  |c STS  |u 20250521 
902 |a https://opac.biblio.iteso.mx/vufind/Record/000182748